Creating a Website:the missing manual/ (Record no. 189220)

MARC details
000 -LEADER
fixed length control field 00605nam a22001697a 4500
005 - DATE AND TIME OF LATEST TRANSACTION
control field 20220623101601.0
010 ## - LCCN (DPL NO)
LC control number vivek
020 ## - INTERNATIONAL STANDARD BOOK NUMBER
International Standard Book Number 9789350233955
Terms of availability 550.00
037 ## - SOURCE OF ACQUISITION
Source of stock number/acquisition Shroff publishers & distributors pvt. ltd.
100 ## - MAIN ENTRY--PERSONAL NAME
Personal name Matthew Macdonald
245 ## - TITLE STATEMENT
Title Creating a Website:the missing manual/
Statement of responsibility, etc Matthew Macdonald
Medium English
260 ## - PUBLICATION, DISTRIBUTION, ETC. (IMPRINT)
Place of publication, distribution, etc Navi Mumbai
Name of publisher, distributor, etc Shroff Publishers & Distributors Pvt. Ltd.
Date of publication, distribution, etc 2011
270 ## - ADDRESS
Address C-103, MIDC, TTC Industrial Area, Pawane
City Navi Mumbai
Postal code 400705
300 ## - PHYSICAL DESCRIPTION
Extent xiv,563p.
Other physical details ill.
Dimensions 23cm.(Pb)
500 ## - GENERAL NOTE
General note index,shroff/O' Reilly
942 ## - ADDED ENTRY ELEMENTS (KOHA)
Source of classification or shelving scheme Dewey Decimal Classification
Item type English Books
Edition Third Edition.
Call number prefix MAT

No items available.


© Delhi Public Library
Hit Counter
free hit counter